LEADER 01409nam a2200313 i 4500 001 000000140791 003 CaOOAMICUS 005 20240405122450.0 008 050720s2005 it u000 u ita u 013 $a114992 020 $a88-06-15934-8 040 $aSeMil$bita 100 1 $aCalabrese, Stefano.$0(OLS)http://semarc/name/56716 245 10$awww.letteratura.global :$bil romanzo dopo il postmoderno /$cStefano Calabrese. 260 $aTorino :$bEinaudi,$c2005. 300 $aIX, 286 p. ; $c20 cm. 490 0 $aPiccola Biblioteca Einaudi : nuova serie ;$v282 500 $aIn appendice : profili biografici e intrecci / di Federica De Maria. 650 4$aRomanzo - Sec. 21.$0(OLS)http://semarc/subject/55433 650 4$aPostmoderno.$0(OLS)http://semarc/subject/3123 650 4$aLetteratura e internet.$0(OLS)http://semarc/subject/55423 830 0$aPiccola biblioteca Einaudi. Nuova serie ;$v282.$0(OLS)http://semarc/title/7479 850 $aSeMil 852 $aSeMil$W1$xVenegono$y1$m1O II 245$j213247$B94091$CSeMilBibl$Z2$F99523 $81 961 $aAcquisto: Āncora (Libreria) 996 $6020$a88-06-15934-8$9(OLS)http://semarc/number/128943 996 $6245$awww.letteratura.global :$bil romanzo dopo il postmoderno$9(OLS)http://semarc/title/205722 996 $6260$aTorino :$bEinaudi$9(OLS)http://semarc/publisher/29884 LEADER 01286nam a2200277 4500 001 000000340846 003 CaOOAMICUS 005 20230110103509.0 008 200701s1646 it 000 u lat r 026 $ao.us t,i, t.a, t,a, (C) 1646 (R) 040 $aSeMil$bita 100 11$aLongo, Lorenzo,$d<1603-1669>.$0(OLS)http://semarc/name/111655 245 00$aReunaltii Nolgi Lituus Belli sacri adversus Turcas a Christianae Republ. Principibus gerendi ... 264 1$aVicentiae :$bApud Haeredes Francisci Grossi,$c1646. 300 $a[8] c. ;$c8° 500 $aStemma xilogr. del dedicatario, papa Innocenzo X, sul front. 500 $aRenaulti Nogli č pseudonimo di Lorenzo Longo, cfr. Melzi, Dizionario di opere anonime ...vol. 1, p. 432 500 $aSegn.: A8 700 3 $aGrossi, Francesco,$eeditore.$0(OLS)http://semarc/name/81953 752 $aIT$dVicenza 850 $aSeMil 852 $aSeMil$W1$xVenegono$y1$m3Z V 15/4 FA$j219634$B231868$CSeMilBibl$Z2$F231868 $8I 941 1 $a10 996 $6245$aReunaltii Nolgi Lituus Belli sacri adversus Turcas a Christianae Republ. Principibus gerendi ...$9(OLS)http://semarc/title/429931 996 $6264$aVicentiae :$bApud Haeredes Francisci Grossi$9(OLS)http://semarc/publisher/59074